[Event "Polva op 29th"]
[Site "Polva"]
[Date "2008.08.16"]
[Round "3"]
[White "Raidla, Johannes"]
[Black "Tobre, Andres"]
[Result "0-1"]
[WhiteElo "1872"]
[BlackElo "1717"]
[PlyCount "77"]
[EventDate "2008.08.15"]
[EventType "swiss"]
[EventRounds "7"]
[EventCountry "EST"]
[SourceTitle "EXT 2009"]
[Source "ChessBase"]
[SourceDate "2008.11.26"]
[SourceVersion "1"]
[SourceVersionDate "2008.11.26"]
[SourceQuality "1"]

1. e4 e5 2. Nf3 Nc6 3. d4 exd4 4. Nxd4 Bc5 5. Nxc6 Qf6 6. f4 Qxc6 7. Bd3 Ne7 8. Qe2 a6 9. Nc3 0-0 10. a3 d5 11. Bd2 d4 12. Nd1 b5 13. Nf2 Bb7 14. Rg1 Rae8 15. g4 Nd5 16. g5 Ne3 17. h4 f5 18. e5 Qf3 19. Qxf3 Bxf3 20. Rg3 Bh5 21. Rc1 Ba7 22. Be2 Bf7 23. h5 Bd5 24. Bxe3 dxe3 25. Nd1 c5 26. Nxe3 Be4 27. c4 b4 28. axb4 cxb4 29. Nd5 a5 30. h6 Bd4 31. b3 Rf7 32. hxg7 Kxg7 33. Bh5 a4 34. bxa4 Ra8 35. g6 Rb7 36. gxh7+ Kxh7 37. Rd1 b3 38. Nf6+ Kh8 39. Rxd4 0-1